000 00433nam a2200157Ia 4500
008 210716s1988 xx 000 0 und d
020 _a8769251410
041 _aeng
082 _a005.133 RAJV
100 _aRajaraman, V.
245 _aPrinciples of computer programming fortran 77 for IBM PC.
250 _a3
260 _aNew Delhi
_bPrentice Hall
_c1988
300 _a246
650 _aComputer programming, programs, data(005)
999 _c181110
_d181110